000 00438nam a2200193Ia 4500
005 20250425160841.0
008 250425s9999 xx 000 0 und d
020 _a0306402955
041 _aeng
082 _a631
100 _aHOLLAENDER, ALEXANDER
245 0 _aBIOSALINE CONCEPT
250 _a1ST ED.
260 _aEstados Unidos
_bPLENUM PRESS
_c1979
260 _aNEW YORK
300 _a391
942 _c01
010 _a6788
999 _c197453
_d197453